| 000 | 00445nam a22001577a 4500 | ||
|---|---|---|---|
| 020 | _a9789351071525 | ||
| 040 | _cNUST | ||
| 082 | _a621.46 HUG | ||
| 100 |
_aHughes, Austin _958500 |
||
| 110 |
_aDrury, Bill _983770 |
||
| 245 |
_aElectric Motors and Drives: _bFundamentals, Types and Applications |
||
| 250 | _a4th Edition | ||
| 260 |
_aAmsterdam: _bElsevier, _c2013. |
||
| 650 |
_aElectric Motors and Drives _9112179 |
||
| 942 |
_2ddc _cBK |
||
| 999 |
_c594635 _d594635 |
||